[Event "DEM U18 2023"]
[Site "Willingen GER"]
[Date "2023.05.29"]
[Round "3"]
[White "Bornholdt, Joa Max"]
[Black "Laux, Dominik"]
[Result "1/2-1/2"]
[Termination "normal"]
[Board "4"]
[WhiteTitle "FM"]
[BlackTitle "FM"]
[WhiteElo "2250"]
[BlackElo "2297"]
[WhiteClock "00:01:52"]
[BlackClock "00:01:14"]
[PlyCount "76"]
[WhiteFideId "16253477"]
[BlackFideId "12994219"]
[EventCountry "GER"]
[EventRounds "9"]
[EventType "swiss"]
[EventDate "2023.05.27"]

1. d4 {[%clk 01:30:37]} {[%emt 00:00:52]} Nf6 {[%clk 01:30:32]} {[%emt
00:00:24]} 2. c4 {[%clk 01:30:24]} {[%emt 00:00:30]} e6 {[%clk 01:30:46]}
{[%emt 00:00:10]} 3. Nc3 {[%clk 01:30:34]} {[%emt 00:00:15]} Bb4 {[%clk
01:30:43]} {[%emt 00:00:32]} 4. e3 {[%clk 01:30:06]} {[%emt 00:00:58]} c5
{[%clk 01:30:20]} {[%emt 00:00:54]} 5. Bd3 {[%clk 01:29:35]} {[%emt 00:01:00]}
Nc6 {[%clk 01:29:57]} {[%emt 00:00:54]} 6. Nge2 {[%clk 01:27:27]} {[%emt
00:02:38]} cxd4 {[%clk 01:29:40]} {[%emt 00:00:46]} 7. exd4 {[%clk 01:27:43]}
{[%emt 00:00:13]} d5 {[%clk 01:29:43]} {[%emt 00:00:28]} 8. O-O {[%clk
01:27:02]} {[%emt 00:01:10]} dxc4 {[%clk 01:20:43]} {[%emt 00:09:31]} 9. Bxc4
{[%clk 01:25:40]} {[%emt 00:01:52]} O-O {[%clk 01:20:16]} {[%emt 00:00:57]} 10.
a3 {[%clk 01:18:05]} {[%emt 00:08:06]} Bd6 {[%clk 01:12:23]} {[%emt 00:08:22]}
11. Qd3 {[%clk 01:00:18]} {[%emt 00:18:17]} b6 {[%clk 01:05:59]} {[%emt
00:06:57]} 12. Re1 {[%clk 00:53:22]} {[%emt 00:07:23]} Bb7 {[%clk 01:00:04]}
{[%emt 00:06:26]} 13. Qh3 {[%clk 00:52:10]} {[%emt 00:01:42]} Ne7 {[%clk
00:56:51]} {[%emt 00:03:42]} 14. Bg5 {[%clk 00:45:33]} {[%emt 00:07:06]} Ng6
{[%clk 00:52:42]} {[%emt 00:04:39]} 15. Rad1 {[%clk 00:42:12]} {[%emt
00:03:51]} Rc8 {[%clk 00:44:45]} {[%emt 00:08:27]} 16. Bb3 {[%clk 00:41:11]}
{[%emt 00:01:30]} Be7 {[%clk 00:38:26]} {[%emt 00:06:49]} 17. Bxf6 {[%clk
00:24:38]} {[%emt 00:17:03]} Bxf6 {[%clk 00:38:48]} {[%emt 00:00:08]} 18. d5
{[%clk 00:24:31]} {[%emt 00:00:38]} exd5 {[%clk 00:33:27]} {[%emt 00:05:51]}
19. Bxd5 {[%clk 00:22:04]} {[%emt 00:02:56]} Bxd5 {[%clk 00:28:57]} {[%emt
00:05:01]} 20. Rxd5 {[%clk 00:20:51]} {[%emt 00:01:43]} Qe8 {[%clk 00:28:36]}
{[%emt 00:00:51]} 21. Kf1 {[%clk 00:16:35]} {[%emt 00:04:46]} Rc4 {[%clk
00:25:31]} {[%emt 00:03:37]} 22. Qd3 {[%clk 00:13:32]} {[%emt 00:03:34]} Qc8
{[%clk 00:17:45]} {[%emt 00:08:15]} 23. Qf5 {[%clk 00:07:34]} {[%emt 00:06:27]}
Qb8 {[%clk 00:16:30]} {[%emt 00:01:48]} 24. Qd3 {[%clk 00:05:01]} {[%emt
00:03:00]} Rh4 {[%clk 00:12:01]} {[%emt 00:04:58]} 25. h3 {[%clk 00:04:43]}
{[%emt 00:00:48]} Re8 {[%clk 00:10:55]} {[%emt 00:01:37]} 26. Qg3 {[%clk
00:04:25]} {[%emt 00:00:48]} Qc8 {[%clk 00:08:32]} {[%emt 00:02:52]} 27. Red1
{[%clk 00:04:12]} {[%emt 00:00:45]} h6 {[%clk 00:05:41]} {[%emt 00:03:21]} 28.
Rd7 {[%clk 00:03:25]} {[%emt 00:01:16]} a5 {[%clk 00:02:57]} {[%emt 00:03:13]}
29. Qc7 {[%clk 00:03:23]} {[%emt 00:00:32]} Qa6 {[%clk 00:02:39]} {[%emt
00:00:49]} 30. Qb7 {[%clk 00:03:52]} {[%emt 00:00:01]} Qc4 {[%clk 00:02:42]}
{[%emt 00:00:27]} 31. Qd5 {[%clk 00:04:20]} {[%emt 00:00:02]} Ne5 {[%clk
00:02:31]} {[%emt 00:00:40]} 32. Qxc4 {[%clk 00:03:20]} {[%emt 00:01:31]} Nxc4
{[%clk 00:02:56]} {[%emt 00:00:06]} 33. Rb7 {[%clk 00:02:34]} {[%emt 00:01:15]}
Nxb2 {[%clk 00:02:09]} {[%emt 00:01:18]} 34. Rdd7 {[%clk 00:02:37]} {[%emt
00:00:26]} Rc4 {[%clk 00:01:37]} {[%emt 00:01:02]} 35. Nd5 {[%clk 00:02:03]}
{[%emt 00:01:05]} Rc2 {[%clk 00:01:50]} {[%emt 00:00:17]} 36. Ne3 {[%clk
00:02:06]} {[%emt 00:00:27]} Rc6 {[%clk 00:01:37]} {[%emt 00:00:43]} 37. Rxf7
{[%clk 00:01:53]} {[%emt 00:00:43]} Nd3 {[%clk 00:01:42]} {[%emt 00:00:24]} 38.
Rfc7 {[%clk 00:01:52]} {[%emt 00:00:31]} Rce6 {[%clk 00:01:14]} {[%emt
00:00:58]} 1/2-1/2

[Event "DEM U18 2023"]
[Site "Willingen GER"]
[Date "2023.05.29"]
[Round "3"]
[White "Weihrauch, Jakob"]
[Black "Chassard, Cedric"]
[Result "0-1"]
[Termination "normal"]
[Board "5"]
[WhiteElo "2291"]
[BlackElo "2041"]
[WhiteClock "00:21:13"]
[BlackClock "00:32:47"]
[PlyCount "106"]
[WhiteFideId "16210115"]
[BlackFideId "16243536"]
[EventCountry "GER"]
[EventRounds "9"]
[EventType "swiss"]
[EventDate "2023.05.27"]

1. e4 {[%clk 01:30:58]} {[%emt 00:00:03]} e5 {[%clk 01:30:54]} {[%emt
00:00:08]} 2. Nf3 {[%clk 01:31:20]} {[%emt 00:00:12]} Nc6 {[%clk 01:31:18]}
{[%emt 00:00:09]} 3. Bb5 {[%clk 01:31:10]} {[%emt 00:00:52]} a6 {[%clk
01:31:40]} {[%emt 00:00:06]} 4. Ba4 {[%clk 01:31:34]} {[%emt 00:00:07]} Nf6
{[%clk 01:32:07]} 5. O-O {[%clk 01:31:43]} {[%emt 00:00:17]} Be7 {[%clk
01:32:27]} {[%emt 00:00:04]} 6. Re1 {[%clk 01:31:24]} {[%emt 00:00:40]} b5
{[%clk 01:32:49]} {[%emt 00:00:08]} 7. Bb3 {[%clk 01:31:52]} {[%emt 00:00:02]}
d6 {[%clk 01:33:08]} {[%emt 00:00:12]} 8. c3 {[%clk 01:31:30]} {[%emt
00:00:52]} O-O {[%clk 01:33:29]} {[%emt 00:00:07]} 9. d3 {[%clk 01:31:18]}
{[%emt 00:00:43]} Na5 {[%clk 01:31:47]} {[%emt 00:02:12]} 10. Bc2 {[%clk
01:31:43]} {[%emt 00:00:05]} c5 {[%clk 01:32:13]} {[%emt 00:00:04]} 11. Nbd2
{[%clk 01:32:04]} {[%emt 00:00:09]} Nc6 {[%clk 01:32:37]} {[%emt 00:00:05]} 12.
Nf1 {[%clk 01:25:15]} {[%emt 00:07:20]} h6 {[%clk 01:32:54]} {[%emt 00:00:11]}
13. Ng3 {[%clk 01:23:44]} {[%emt 00:02:04]} Re8 {[%clk 01:33:19]} {[%emt
00:00:04]} 14. Bd2 {[%clk 01:17:17]} {[%emt 00:06:59]} Bf8 {[%clk 01:29:21]}
{[%emt 00:04:26]} 15. Qc1 {[%clk 01:16:29]} {[%emt 00:01:17]} d5 {[%clk
01:25:24]} {[%emt 00:04:29]} 16. a4 {[%clk 00:57:16]} {[%emt 00:19:42]} Be6
{[%clk 01:19:02]} {[%emt 00:06:51]} 17. axb5 {[%clk 00:56:36]} {[%emt
00:01:13]} axb5 {[%clk 01:19:17]} {[%emt 00:00:12]} 18. Rxa8 {[%clk 00:56:47]}
{[%emt 00:00:20]} Qxa8 {[%clk 01:19:42]} {[%emt 00:00:05]} 19. Nh4 {[%clk
00:55:09]} {[%emt 00:02:07]} dxe4 {[%clk 01:12:24]} {[%emt 00:07:49]} 20. dxe4
{[%clk 00:52:58]} {[%emt 00:02:43]} Na5 {[%clk 01:11:25]} {[%emt 00:01:26]} 21.
Ngf5 {[%clk 00:44:39]} {[%emt 00:08:50]} Nc4 {[%clk 00:53:21]} {[%emt
00:18:34]} 22. Nxh6+ {[%clk 00:23:49]} {[%emt 00:21:20]} gxh6 {[%clk 00:50:24]}
{[%emt 00:03:27]} 23. Bxh6 {[%clk 00:24:18]} {[%emt 00:00:01]} Nh7 {[%clk
00:47:04]} {[%emt 00:03:50]} 24. Nf5 {[%clk 00:13:14]} {[%emt 00:11:34]} Bxf5
{[%clk 00:43:57]} {[%emt 00:03:37]} 25. exf5 {[%clk 00:13:42]} {[%emt
00:00:03]} Qc6 {[%clk 00:43:27]} {[%emt 00:01:00]} 26. Bxf8 {[%clk 00:13:24]}
{[%emt 00:00:48]} Kxf8 {[%clk 00:43:36]} {[%emt 00:00:21]} 27. b3 {[%clk
00:13:04]} {[%emt 00:00:51]} Nb6 {[%clk 00:43:55]} {[%emt 00:00:09]} 28. f6
{[%clk 00:09:48]} {[%emt 00:03:47]} Nxf6 {[%clk 00:43:26]} {[%emt 00:00:59]}
29. Qh6+ {[%clk 00:10:17]} {[%emt 00:00:01]} Ke7 {[%clk 00:43:09]} {[%emt
00:00:47]} 30. f4 {[%clk 00:09:27]} {[%emt 00:01:19]} e4 {[%clk 00:21:00]}
{[%emt 00:22:40]} 31. Bxe4 {[%clk 00:07:38]} {[%emt 00:02:22]} Qe6 {[%clk
00:20:53]} {[%emt 00:00:34]} 32. Qg5 {[%clk 00:04:20]} {[%emt 00:03:48]} Nbd7
{[%clk 00:17:28]} {[%emt 00:03:55]} 33. Qh4 {[%clk 00:01:08]} {[%emt 00:03:41]}
Kd8 {[%clk 00:17:17]} {[%emt 00:00:41]} 34. Rd1 {[%clk 00:00:50]} {[%emt
00:00:48]} Kc7 {[%clk 00:14:03]} {[%emt 00:03:44]} 35. Bf3 {[%clk 00:01:17]}
{[%emt 00:00:04]} Qe3+ {[%clk 00:14:06]} {[%emt 00:00:27]} 36. Kh1 {[%clk
00:01:46]} Qxc3 {[%clk 00:13:13]} {[%emt 00:01:23]} 37. Qf2 {[%clk 00:01:30]}
{[%emt 00:00:46]} Qe3 {[%clk 00:12:40]} {[%emt 00:01:03]} 38. Qf1 {[%clk
00:00:41]} {[%emt 00:01:20]} Ne4 {[%clk 00:08:14]} {[%emt 00:04:56]} 39. Bxe4
{[%clk 00:00:41]} {[%emt 00:00:30]} Rxe4 {[%clk 00:08:14]} {[%emt 00:00:30]}
40. h3 {[%clk 00:00:36]} {[%emt 00:00:34]} Qxb3 {[%clk 00:04:29]} {[%emt
00:04:15]} 41. Rd3 {[%clk 00:28:23]} {[%emt 00:02:42]} Qc4 {[%clk 00:33:51]}
{[%emt 00:01:08]} 42. Qf3 {[%clk 00:26:13]} {[%emt 00:02:41]} Qc1+ {[%clk
00:33:46]} {[%emt 00:00:34]} 43. Rd1 {[%clk 00:26:13]} {[%emt 00:00:31]} Re1+
{[%clk 00:32:48]} {[%emt 00:01:32]} 44. Rxe1 {[%clk 00:26:40]} Qxe1+ {[%clk
00:33:13]} {[%emt 00:00:03]} 45. Kh2 {[%clk 00:27:05]} {[%emt 00:00:05]} b4
{[%clk 00:33:20]} {[%emt 00:00:24]} 46. Qa8 {[%clk 00:26:26]} {[%emt 00:01:13]}
Qe3 {[%clk 00:33:22]} {[%emt 00:00:24]} 47. Qa7+ {[%clk 00:25:41]} {[%emt
00:01:14]} Kd6 {[%clk 00:33:24]} {[%emt 00:00:27]} 48. Qa6+ {[%clk 00:26:07]}
{[%emt 00:00:05]} Ke7 {[%clk 00:33:47]} {[%emt 00:00:12]} 49. Qh6 {[%clk
00:26:27]} {[%emt 00:00:05]} b3 {[%clk 00:32:44]} {[%emt 00:01:42]} 50. Qg5+
{[%clk 00:26:52]} Kd6 {[%clk 00:32:43]} {[%emt 00:00:36]} 51. Qf5 {[%clk
00:20:59]} {[%emt 00:06:17]} b2 {[%clk 00:31:58]} {[%emt 00:01:16]} 52. Qb1
{[%clk 00:20:50]} {[%emt 00:00:37]} Qxf4+ {[%clk 00:32:22]} {[%emt 00:00:05]}
53. g3 {[%clk 00:21:13]} {[%emt 00:00:11]} Qd2+ {[%clk 00:32:47]} {[%emt
00:00:01]} 0-1

[Event "DEM U18 2023"]
[Site "Willingen GER"]
[Date "2023.05.29"]
[Round "3"]
[White "Bui, Bao Anh Le"]
[Black "Haack, Kevin"]
[Result "1/2-1/2"]
[Termination "normal"]
[Board "6"]
[BlackTitle "FM"]
[WhiteElo "2136"]
[BlackElo "2303"]
[WhiteClock "00:03:57"]
[BlackClock "00:06:59"]
[PlyCount "108"]
[WhiteFideId "12970719"]
[BlackFideId "16228715"]
[EventCountry "GER"]
[EventRounds "9"]
[EventType "swiss"]
[EventDate "2023.05.27"]

1. e4 {[%clk 01:29:55]} {[%emt 00:01:24]} e6 {[%clk 01:30:43]} {[%emt
00:00:13]} 2. d4 {[%clk 01:21:00]} {[%emt 00:09:08]} d5 {[%clk 01:31:01]}
{[%emt 00:00:10]} 3. Bd3 {[%clk 01:16:04]} {[%emt 00:05:32]} dxe4 {[%clk
01:31:17]} {[%emt 00:00:15]} 4. Bxe4 {[%clk 01:16:28]} {[%emt 00:00:03]} Nf6
{[%clk 01:31:39]} {[%emt 00:00:08]} 5. Bf3 {[%clk 01:16:49]} {[%emt 00:00:09]}
c5 {[%clk 01:31:49]} {[%emt 00:00:21]} 6. Ne2 {[%clk 01:13:32]} {[%emt
00:03:45]} Be7 {[%clk 01:32:12]} {[%emt 00:00:09]} 7. O-O {[%clk 01:09:00]}
{[%emt 00:05:00]} Nc6 {[%clk 01:29:01]} {[%emt 00:03:41]} 8. dxc5 {[%clk
01:02:11]} {[%emt 00:07:19]} Qxd1 {[%clk 01:26:21]} {[%emt 00:03:10]} 9. Rxd1
{[%clk 01:02:34]} {[%emt 00:00:08]} Bxc5 {[%clk 01:26:29]} {[%emt 00:00:22]}
10. Bf4 {[%clk 00:59:38]} {[%emt 00:03:26]} O-O {[%clk 00:55:32]} {[%emt
00:31:29]} 11. Nbc3 {[%clk 00:45:18]} {[%emt 00:14:48]} h6 {[%clk 00:54:14]}
{[%emt 00:01:48]} 12. Na4 {[%clk 00:31:43]} {[%emt 00:14:05]} Be7 {[%clk
00:51:36]} {[%emt 00:03:08]} 13. Bxc6 {[%clk 00:24:51]} {[%emt 00:07:22]} bxc6
{[%clk 00:51:54]} {[%emt 00:00:12]} 14. Bd6 {[%clk 00:24:45]} {[%emt 00:00:38]}
Bxd6 {[%clk 00:36:44]} {[%emt 00:15:39]} 15. Rxd6 {[%clk 00:25:04]} {[%emt
00:00:10]} e5 {[%clk 00:36:00]} {[%emt 00:01:15]} 16. Nc5 {[%clk 00:22:14]}
{[%emt 00:03:20]} Bf5 {[%clk 00:33:00]} {[%emt 00:03:30]} 17. c4 {[%clk
00:21:57]} {[%emt 00:00:47]} Rac8 {[%clk 00:27:40]} {[%emt 00:05:51]} 18. Ng3
{[%clk 00:17:14]} {[%emt 00:05:13]} Bg6 {[%clk 00:26:54]} {[%emt 00:01:16]} 19.
Rad1 {[%clk 00:17:10]} {[%emt 00:00:34]} Rc7 {[%clk 00:22:42]} {[%emt
00:04:42]} 20. f3 {[%clk 00:16:48]} {[%emt 00:00:51]} Rfc8 {[%clk 00:21:10]}
{[%emt 00:02:02]} 21. Rd8+ {[%clk 00:15:09]} {[%emt 00:02:10]} Kh7 {[%clk
00:19:21]} {[%emt 00:02:18]} 22. b3 {[%clk 00:13:57]} {[%emt 00:01:42]} a5
{[%clk 00:18:24]} {[%emt 00:01:28]} 23. Kf2 {[%clk 00:11:18]} {[%emt 00:03:08]}
Bc2 {[%clk 00:17:38]} {[%emt 00:01:16]} 24. Rxc8 {[%clk 00:10:31]} {[%emt
00:01:19]} Rxc8 {[%clk 00:18:06]} {[%emt 00:00:01]} 25. Rd2 {[%clk 00:10:53]}
{[%emt 00:00:08]} Bb1 {[%clk 00:17:19]} {[%emt 00:01:17]} 26. h4 {[%clk
00:11:17]} {[%emt 00:00:08]} g6 {[%clk 00:12:18]} {[%emt 00:05:29]} 27. Rd1
{[%clk 00:08:57]} {[%emt 00:02:51]} Bc2 {[%clk 00:11:51]} {[%emt 00:00:54]} 28.
Rd2 {[%clk 00:09:08]} {[%emt 00:00:20]} Bb1 {[%clk 00:12:12]} {[%emt 00:00:09]}
29. Rb2 {[%clk 00:08:56]} {[%emt 00:00:41]} Bf5 {[%clk 00:12:05]} {[%emt
00:00:40]} 30. Nxf5 {[%clk 00:07:20]} {[%emt 00:02:04]} gxf5 {[%clk 00:12:32]}
{[%emt 00:00:02]} 31. Re2 {[%clk 00:07:37]} {[%emt 00:00:13]} Re8 {[%clk
00:12:10]} {[%emt 00:00:53]} 32. Nb7 {[%clk 00:07:41]} {[%emt 00:00:25]} a4
{[%clk 00:09:53]} {[%emt 00:02:47]} 33. Nd6 {[%clk 00:07:12]} {[%emt 00:00:59]}
Rb8 {[%clk 00:08:53]} {[%emt 00:01:30]} 34. bxa4 {[%clk 00:07:21]} {[%emt
00:00:20]} Kg6 {[%clk 00:06:57]} {[%emt 00:02:25]} 35. Rxe5 {[%clk 00:07:06]}
{[%emt 00:00:46]} Rb2+ {[%clk 00:07:21]} {[%emt 00:00:06]} 36. Re2 {[%clk
00:06:55]} {[%emt 00:00:41]} Rb4 {[%clk 00:07:46]} {[%emt 00:00:05]} 37. a5
{[%clk 00:04:29]} {[%emt 00:02:56]} Ra4 {[%clk 00:08:02]} {[%emt 00:00:14]} 38.
Re5 {[%clk 00:02:32]} {[%emt 00:02:29]} Rxa2+ {[%clk 00:07:49]} {[%emt
00:00:41]} 39. Kg1 {[%clk 00:02:45]} {[%emt 00:00:17]} f4 {[%clk 00:05:00]}
{[%emt 00:03:19]} 40. Rc5 {[%clk 00:01:45]} {[%emt 00:01:30]} Ra1+ {[%clk
00:01:41]} {[%emt 00:03:50]} 41. Kf2 {[%clk 00:30:15]} {[%emt 00:01:59]} Ra2+
{[%clk 00:19:07]} {[%emt 00:13:07]} 42. Ke1 {[%clk 00:30:19]} {[%emt 00:00:27]}
Nd7 {[%clk 00:18:04]} {[%emt 00:01:34]} 43. Rxc6 {[%clk 00:28:05]} {[%emt
00:02:46]} Ne5 {[%clk 00:18:27]} 44. Rb6 {[%clk 00:24:58]} {[%emt 00:03:37]}
Rxg2 {[%clk 00:16:50]} {[%emt 00:02:13]} 45. Ne4+ {[%clk 00:17:14]} {[%emt
00:08:10]} Kg7 {[%clk 00:16:37]} {[%emt 00:00:45]} 46. Nd2 {[%clk 00:14:44]}
{[%emt 00:02:57]} Rg1+ {[%clk 00:13:42]} {[%emt 00:03:27]} 47. Ke2 {[%clk
00:09:06]} {[%emt 00:06:08]} Ra1 {[%clk 00:14:10]} {[%emt 00:00:01]} 48. Rb5
{[%clk 00:09:30]} {[%emt 00:00:05]} f6 {[%clk 00:11:37]} {[%emt 00:03:03]} 49.
h5 {[%clk 00:05:03]} {[%emt 00:04:57]} Kf7 {[%clk 00:11:09]} {[%emt 00:00:58]}
50. Rb7+ {[%clk 00:05:21]} {[%emt 00:00:13]} Ke6 {[%clk 00:07:20]} {[%emt
00:04:18]} 51. Rb6+ {[%clk 00:05:31]} {[%emt 00:00:28]} Ke7 {[%clk 00:06:37]}
{[%emt 00:01:14]} 52. Rb5 {[%clk 00:05:06]} {[%emt 00:00:46]} Ke6 {[%clk
00:06:21]} {[%emt 00:00:46]} 53. Rb6+ {[%clk 00:04:20]} {[%emt 00:01:19]} Ke7
{[%clk 00:06:49]} 54. Rb7+ {[%clk 00:03:57]} {[%emt 00:00:52]} Ke6 {[%clk
00:06:59]} {[%emt 00:00:20]} *

[Event "DEM U18 2023"]
[Site "Willingen GER"]
[Date "2023.05.29"]
[Round "3"]
[White "Matthäi, Jakob"]
[Black "Hommer, Jeremy"]
[Result "0-1"]
[Termination "normal"]
[Board "7"]
[WhiteElo "2046"]
[BlackElo "2313"]
[WhiteClock "00:28:13"]
[BlackClock "00:32:52"]
[PlyCount "100"]
[WhiteFideId "16240421"]
[BlackFideId "12992577"]
[EventCountry "GER"]
[EventRounds "9"]
[EventType "swiss"]
[EventDate "2023.05.27"]

1. c4 {[%clk 01:30:56]} {[%emt 00:00:05]} e5 {[%clk 01:30:45]} {[%emt
00:00:27]} 2. g3 {[%clk 01:31:21]} {[%emt 00:00:10]} c6 {[%clk 01:31:08]}
{[%emt 00:00:05]} 3. Nf3 {[%clk 01:31:42]} {[%emt 00:00:12]} e4 {[%clk
01:31:03]} {[%emt 00:00:33]} 4. Nd4 {[%clk 01:32:00]} {[%emt 00:00:09]} d5
{[%clk 01:31:09]} {[%emt 00:00:17]} 5. cxd5 {[%clk 01:32:22]} {[%emt 00:00:02]}
Qxd5 {[%clk 01:31:29]} {[%emt 00:00:09]} 6. Nc2 {[%clk 01:32:37]} {[%emt
00:00:14]} Nf6 {[%clk 01:31:49]} {[%emt 00:00:10]} 7. Nc3 {[%clk 01:32:32]}
{[%emt 00:00:36]} Qe5 {[%clk 01:32:11]} {[%emt 00:00:07]} 8. Ne3 {[%clk
01:32:34]} {[%emt 00:00:28]} Bb4 {[%clk 01:23:55]} {[%emt 00:08:48]} 9. Bg2
{[%clk 01:29:37]} {[%emt 00:03:27]} O-O {[%clk 01:22:01]} {[%emt 00:02:23]} 10.
Qc2 {[%clk 01:27:54]} {[%emt 00:02:14]} Re8 {[%clk 01:21:53]} {[%emt 00:00:39]}
11. O-O {[%clk 01:24:45]} {[%emt 00:03:40]} Na6 {[%clk 01:20:14]} {[%emt
00:02:08]} 12. a3 {[%clk 01:22:21]} {[%emt 00:02:56]} Bxc3 {[%clk 01:15:26]}
{[%emt 00:05:17]} 13. bxc3 {[%clk 01:21:45]} {[%emt 00:01:07]} Qh5 {[%clk
01:05:30]} {[%emt 00:10:23]} 14. Re1 {[%clk 01:13:08]} {[%emt 00:09:08]} Nc5
{[%clk 01:04:51]} {[%emt 00:01:12]} 15. a4 {[%clk 01:06:42]} {[%emt 00:06:53]}
Ng4 {[%clk 00:53:12]} {[%emt 00:12:08]} 16. Nxg4 {[%clk 01:06:20]} {[%emt
00:00:53]} Bxg4 {[%clk 00:53:40]} {[%emt 00:00:02]} 17. Ba3 {[%clk 01:06:21]}
{[%emt 00:00:30]} Ne6 {[%clk 00:50:38]} {[%emt 00:03:32]} 18. d4 {[%clk
00:50:38]} {[%emt 00:16:13]} exd3 {[%clk 00:47:56]} {[%emt 00:03:12]} 19. exd3
{[%clk 00:50:19]} {[%emt 00:00:49]} Ng5 {[%clk 00:45:36]} {[%emt 00:02:50]} 20.
f4 {[%clk 00:49:59]} {[%emt 00:00:50]} Nf3+ {[%clk 00:40:25]} {[%emt 00:05:42]}
21. Bxf3 {[%clk 00:50:22]} {[%emt 00:00:08]} Bxf3 {[%clk 00:40:49]} {[%emt
00:00:05]} 22. Qf2 {[%clk 00:46:36]} {[%emt 00:04:15]} Qd5 {[%clk 00:32:18]}
{[%emt 00:09:02]} 23. Qd4 {[%clk 00:21:30]} {[%emt 00:25:35]} Rxe1+ {[%clk
00:28:33]} {[%emt 00:04:17]} 24. Rxe1 {[%clk 00:21:58]} {[%emt 00:00:01]} Qa2
{[%clk 00:28:54]} {[%emt 00:00:09]} 25. Qf2 {[%clk 00:20:27]} {[%emt 00:02:02]}
Qxa3 {[%clk 00:29:10]} {[%emt 00:00:13]} 26. Qxf3 {[%clk 00:20:51]} {[%emt
00:00:07]} Qxc3 {[%clk 00:29:30]} {[%emt 00:00:11]} 27. Qe3 {[%clk 00:11:58]}
{[%emt 00:09:21]} h6 {[%clk 00:29:01]} {[%emt 00:00:59]} 28. d4 {[%clk
00:10:58]} {[%emt 00:01:29]} Qb4 {[%clk 00:25:00]} {[%emt 00:04:30]} 29. Qe5
{[%clk 00:08:30]} {[%emt 00:02:59]} Rd8 {[%clk 00:22:51]} {[%emt 00:02:40]} 30.
Re4 {[%clk 00:08:49]} {[%emt 00:00:11]} Qxa4 {[%clk 00:22:39]} {[%emt
00:00:41]} 31. f5 {[%clk 00:08:46]} {[%emt 00:00:39]} Qa1+ {[%clk 00:21:19]}
{[%emt 00:01:44]} 32. Kg2 {[%clk 00:08:58]} {[%emt 00:00:18]} Qa2+ {[%clk
00:21:33]} {[%emt 00:00:17]} 33. Kh3 {[%clk 00:08:33]} {[%emt 00:00:55]} Qd5
{[%clk 00:21:42]} {[%emt 00:00:21]} 34. Qf4 {[%clk 00:08:37]} {[%emt 00:00:26]}
Qd7 {[%clk 00:11:10]} {[%emt 00:11:03]} 35. g4 {[%clk 00:07:30]} {[%emt
00:01:37]} Re8 {[%clk 00:10:45]} {[%emt 00:00:55]} 36. Re5 {[%clk 00:06:12]}
{[%emt 00:01:50]} f6 {[%clk 00:04:28]} {[%emt 00:06:45]} 37. Rxe8+ Qxe8 {[%clk
00:04:57]} 38. Qc7 {[%clk 00:05:50]} {[%emt 00:00:09]} Qa8 {[%clk 00:04:27]}
{[%emt 00:00:59]} 39. Kg3 {[%clk 00:03:55]} {[%emt 00:02:26]} a5 {[%clk
00:04:37]} {[%emt 00:00:20]} 40. h4 {[%clk 00:04:13]} {[%emt 00:00:10]} a4
{[%clk 00:04:58]} {[%emt 00:00:10]} 41. g5 {[%clk 00:30:29]} {[%emt 00:04:14]}
hxg5 {[%clk 00:35:00]} {[%emt 00:00:28]} 42. hxg5 {[%clk 00:30:54]} {[%emt
00:00:06]} fxg5 {[%clk 00:35:24]} {[%emt 00:00:06]} 43. Qe7 {[%clk 00:30:04]}
{[%emt 00:01:20]} Qf8 {[%clk 00:31:54]} {[%emt 00:03:59]} 44. Qe6+ {[%clk
00:29:43]} {[%emt 00:00:52]} Qf7 {[%clk 00:31:46]} {[%emt 00:00:39]} 45. Qc8+
{[%clk 00:29:45]} {[%emt 00:00:28]} Kh7 {[%clk 00:32:11]} {[%emt 00:00:09]} 46.
f6 {[%clk 00:29:45]} {[%emt 00:00:26]} gxf6 {[%clk 00:32:11]} {[%emt 00:00:32]}
47. Qa8 {[%clk 00:29:29]} {[%emt 00:00:44]} Qb3+ {[%clk 00:32:24]} {[%emt
00:00:16]} 48. Kg4 {[%clk 00:29:42]} {[%emt 00:00:19]} Qe6+ {[%clk 00:31:57]}
{[%emt 00:00:57]} 49. Kg3 {[%clk 00:29:50]} {[%emt 00:00:20]} b5 {[%clk
00:32:23]} {[%emt 00:00:07]} 50. Qb7+ {[%clk 00:28:13]} {[%emt 00:02:04]} Kg6
{[%clk 00:32:52]} {[%emt 00:00:01]} 0-1